000 01161nam a2200325 i 4500
003 EG-GICUC
005 20260121101430.0
008 251204s1917 uk o|||fr|||| ||| | eng d
040 _aEG-GiCUC
_beng
_cEG-GiCUC
_dEG-GiCUC
_erda
041 _aeng
082 0 4 _221
_a341.6
_bGR . T
092 0 4 _221
099 _aLaw1 11 341.73 GR . T 1917
110 2 _aThe Grotius Society
_b(Founded 1915)
245 1 0 _aTransactions of the Grotius Society.
_nVolume II,
_pProblems of The war (Papers read before the Society in the Year 1916) /
_cThe Grotius Society.
264 1 _aLondon :
_bSweet and Maxwell,
_c1917.
300 _a178 pages :
_bphotograph ;
_c24 cm.
336 _2rda content
_atext
337 _2rda media
_aComputer
338 _2rda carrier
_aOnline Resource
490 0 _aTransactions of the Grotius Society.
504 _aIncludes bibliographical references.
546 _aText in English
650 1 4 _aMilitary law
_xPublic international law
_2qrmak
651 1 _2qrmak
830 1 _aTransactions of the Grotius Society.
856 4 0 _uhttps://fll.law.cu.edu.eg/fulltext/bks/B11-05674.pdf
905 _a75
_eHassnaa
942 _2ddc
_n0
_cBK
_e21
999 _c48407
_d48407